España sagrada, theatro geographico-historico de la iglesia de España (Record no. 8758)
[ view plain ]
| 000 -CABECERA | |
|---|---|
| campo de control de longitud fija | 01040nam a2200217 a 4500 |
| 001 - NÚMERO DE CONTROL | |
| campo de control | BRCA_9110 |
| 005 - FECHA Y HORA DE LA ÚLTIMA TRANSACCIÓN | |
| campo de control | 20190320210526.0 |
| 008 - DATOS DE LONGITUD FIJA--INFORMACIÓN GENERAL | |
| campo de control de longitud fija | 051017m17541762sp-#######---#000-0#spa-# |
| 041 ## - CÓDIGO DE LENGUA | |
| Código de lengua del texto/banda sonora o título independiente | spa |
| 044 ## - CÓDIGO DEL PAÍS DE LA ENTIDAD EDITORA/PRODUCTORA | |
| Código MARC del país | sp |
| 084 ## - OTRO NÚMERO DE CLASIFICACIÓN | |
| Número de clasificación | LM11 |
| Número de documento/Ítem | .F56 |
| 100 1# - ENTRADA PRINCIPAL--NOMBRE DE PERSONA | |
| Nombre de persona | Florez, Henrique |
| 9 (RLIN) | 22485 |
| 245 10 - MENCIÓN DE TÍTULO | |
| Título | España sagrada, theatro geographico-historico de la iglesia de España |
| Resto del título | origen, divisiones, y limites de todas sus provincias, antigüedad, translaciones, y estado antiguo y presente de sus Sillas, con varias Disertaciones criticas...: de la Santa iglesia de Astorga en su estado antiguo y presente |
| Mención de responsabilidad, etc. | su autor el R. P. M. Fr. Henrique Florez, del Ordende S. Agustin. |
| 260 ## - PUBLICACIÓN, DISTRIBUCIÓN, ETC. | |
| Lugar de publicación, distribución, etc. | Madrid |
| Nombre del editor, distribuidor, etc. | en la Imprenta de D. Gabriel Ramirez |
| Fecha de publicación, distribución, etc. | 1754 , 1762 |
| 300 ## - DESCRIPCIÓN FÍSICA | |
| Extensión | 2v. (t.3 y 16) |
| Dimensiones | 21.3 x 15.5 cm |
| 500 ## - NOTA GENERAL | |
| Nota general | Estado físico: presenta encuadernación en piel con cantos decorados y presencia del pez de plata |
| 505 0# - NOTA DE CONTENIDO CON FORMATO | |
| Nota de contenido con formato | Tomo III, 1754.- Tomo XVI, 1762.- |
| 650 14 - PUNTO DE ACCESO ADICIONAL DE MATERIA--TÉRMINO DE MATERIA | |
| Término de materia o nombre geográfico como elemento de entrada | Teatro |
| Subdivisión cronológica | Obras anteriores a 1800 |
| Subdivisión geográfica | España |
| 9 (RLIN) | 22486 |
| 902 ## - CATALOGADOR | |
| Iniciales | CFM |
| 942 ## - ELEMENTOS DE PUNTO DE ACCESO ADICIONAL (KOHA) | |
| Fuente del sistema de clasificación o colocación | Library of Congress Classification |
| Tipo de ítem Koha | Libros |
| Estado de retiro | Estado de pérdida | Estado dañado | No para préstamo | Localización permanente | Ubicación/localización actual | Fecha de adquisición | Total de préstamos | Signatura topográfica completa | Código de barras | Fecha visto por última vez | Precio válido a partir de | Tipo de ítem Koha | Código de colección |
|---|---|---|---|---|---|---|---|---|---|---|---|---|---|
| El ejemplar forma parte de la colección y puede ser consultado según las políticas vigentes. | Biblioteca del Museo Franz Mayer (Rogerio Casas-Alatriste) | Biblioteca del Museo Franz Mayer (Rogerio Casas-Alatriste) | 05/10/2017 | LM11 .F56 | CFM00460 | 22/03/2019 | 22/03/2019 | Libros | |||||
| El ejemplar forma parte de la colección y puede ser consultado según las políticas vigentes. | Biblioteca del Museo Franz Mayer (Rogerio Casas-Alatriste) | Biblioteca del Museo Franz Mayer (Rogerio Casas-Alatriste) | 05/10/2017 | LM11 .F56 | CFM00461 | 22/03/2019 | 22/03/2019 | Libros | Conventual Franz Mayer |